Opera matematica /
Guardado en:
| Autor Principal: | |
|---|---|
| Formato: | Libro |
| Idioma: | French |
| Publicado: |
Bucuresti :
Editura Academiei Republicii Socialiste România,
1974-
|
| Materias: | |
| Etiquetas: |
Agregar Etiqueta
Sin Etiquetas, Sea el primero en etiquetar este registro!
|
| LEADER | 00713cam a22002171a 4500 | ||
|---|---|---|---|
| 001 | MAT.inmabb005699 | ||
| 008 | 760421m19749999rm#c#####b####000#0#fre## | ||
| 005 | 20160802174924.0 | ||
| 245 | 1 | 0 | |a Opera matematica / |c Octav Mayer. |
| 260 | |a Bucuresti : |b Editura Academiei Republicii Socialiste România, |c 1974- | ||
| 300 | |a v. : |b 1 retr. on leaf ; |c 24 cm. | ||
| 500 | |a En francés. | ||
| 504 | |a Bibliografía: v.1, p. [534]-535. | ||
| 505 | 0 | |a v. 1. Note si memorii, 1919-1941. | |
| 510 | 4 | |a MR, |c 50 #12623 | |
| 100 | 1 | |a Mayer, Octav, |d 1895-1966. | |
| 650 | 0 | |a Mathematics. | |
| 084 | |a 01A75 (53-03) |2 msc2000 | ||
| 010 | |a 74350779 | ||
| 040 | |a DLC |c ICU |d DLC | ||
| 859 | |h 01A75 |i M468 |p A-3979 |v 1 |3 Vol. 1 |b BIB. MATEMATICA | ||
